000 00416nam a2200133Ia 4500
008 100328s9999 xx 000 0 und d
082 _b71874
100 _aबापट नितिन
245 _aआंधळा न्याय
260 _bमेहता पब्लिशिंग हाऊस.
630 _aआंधळा न्याय
730 _aआंधळा न्याय
942 _cBOOK
999 _c557597
_d557594